UBT Library

Basic business statistics : (Record no. 43107)

000 -LEADER
fixed length control field 00787cam a22002538a 4500
001 - CONTROL NUMBER
control field 13751034
005 - DATE AND TIME OF LATEST TRANSACTION
control field 20180222033413.0
008 - FIXED-LENGTH DATA ELEMENTS--GENERAL INFORMATION
fixed length control field 041014s2005 nju b 001 0 eng
010 ## - LIBRARY OF CONGRESS CONTROL NUMBER
LC control number 2004060020
020 ## - INTERNATIONAL STANDARD BOOK NUMBER
International Standard Book Number 0131536869
040 ## - CATALOGING SOURCE
Original cataloging agency DLC
Transcribing agency DLC
041 ## - LANGUAGE CODE
Language code of text/sound track or separate title eng
042 ## - AUTHENTICATION CODE
Authentication code pcc
080 ## - UNIVERSAL DECIMAL CLASSIFICATION NUMBER
Universal Decimal Classification number 519.5 BER
082 00 - DEWEY DECIMAL CLASSIFICATION NUMBER
Classification number 519.5 BER
Edition number 22
100 1# - Rafti
Rafti 55
101 ## - Shkurtesa
Shkurtesa STA
245 10 - TITLE STATEMENT
Title Basic business statistics :
Statement of responsibility, etc Mark L. Berenson, David M. Levine, Timothy C. Krehbiel.
263 ## - PROJECTED PUBLICATION DATE
Projected publication date 1111
504 ## - BIBLIOGRAPHY, ETC. NOTE
Bibliography, etc Includes bibliographical references and index.
906 ## - LOCAL DATA ELEMENT F, LDF (RLIN)
a 0
b vip
c orignew
d 1
e ocip
f 20
g y-gencatlg
942 ## - ADDED ENTRY ELEMENTS (KOHA)
Source of classification or shelving scheme
Item type Books
Holdings
Withdrawn status Lost status Source of classification or shelving scheme Damaged status Not for loan Collection code Permanent location Current location Shelving location Date acquired Total Checkouts Full call number Barcode Date last seen Price effective from Koha item type
          Koleksioni i përgjithshem UBT - Lipjan UBT - Lipjan Koleksioni i përgjithshem 02/22/2018   519.5 BER 002-2999911 02/22/2018 02/22/2018 Books
UBT Library © 2015-2024. All rights reserved University Education for Business and Technology